| 000 | 01241 a2200253 4500 | ||
|---|---|---|---|
| 003 | Nust | ||
| 005 | 20170207154014.0 | ||
| 010 | _a 98026055 | ||
| 020 | _a0070359717 (recycled, acid-free paper) | ||
| 035 | _a(DLC) 98026055 | ||
| 040 | _cNust | ||
| 082 | 0 | 0 | _a621.46 |
| 100 | 1 | _aBeaty, H. Wayne. | |
| 245 | 1 | 0 |
_aElectric motor handbook-(E-BOOK) _cH. Wayne Beaty, James L. Kirtley, Jr. |
| 260 |
_aNew York : _bMcGraw-Hill, _cc1998. |
||
| 300 |
_axiv, 404 p. : _bill. ; _c24 cm. |
||
| 490 | 0 | _aMcGraw-Hill handbooks | |
| 505 | _aElectric Motors - Terminology And Definitions - Fundamentals Of Electromagnetic Forces And Loss Mechanisms - Induction Motors - Synchronous Motors - Permanent Magnet-Synchronous (Brushless) Motors - Other Types Of Electric Motors And Related Apparatus - Motor Noise And Product Sound - Servomechanical Power-Electronic Motor Drives - | ||
| 650 | 0 |
_aElectric motors _xHandbooks, manuals, etc. |
|
| 700 | 1 | _aKirtley, James L. | |
| 856 | 4 | 2 |
_3Contributor biographical information _uhttp://www.loc.gov/catdir/bios/mh041/98026055.html |
| 856 | 4 | 2 |
_3Publisher description _uhttp://www.loc.gov/catdir/description/mh023/98026055.html |
| 856 | 4 | 2 |
_3Table of contents _uhttp://www.loc.gov/catdir/toc/mh022/98026055.html |
| 942 |
_2ddc _cBK |
||
| 999 |
_c191322 _d191322 |
||